00862nam a2200217 a 4500001001000000003000500010005001700015008004100032010001100073011001100084040000900095100003400104245016400138260004100302500006000343502007000403650003700473650003700510650002700547856007000574000115249CHAP20220329144526.0190121s2018 mx sm |||||||spa d a111710 a112682 cCHAP1 aGómez Pedraza, Diana Erika.10aHibridación interespecífica de cosmos atrosanguineus Sherff cosmos purpureus (DC.) Benth & Hook. f.ex Hemslh[En línea]cpor Diana Erika Gómez Pedraza. aChapingo, Méx. :bEl autor,c2018. aPara ver el contenido del material haga clic en la liga aTesis (M. C. en Horticultura) -- UACH. Departamento de Fitotecnia14aCosmos (Botánica)xGenética.14aCosmos (Botánica)xVariedades.14aHibridación vegetal. aFinding aiduhttp://10.13.5.2/tesis/sist115249.pdfzTeclea aquí